Any del llibre i la lectura : programa d'activitats per als centres educatius programa d'activitats per als centres educatius
Descripción Física:
32 p. ; 21 cm
Otros Autores:
Espanya. Ministerio de Cultura
MARC
| LEADER | 00000nam a2200000Ia 4500 | ||
|---|---|---|---|
| 001 | 24383 | ||
| 008 | 160829s2005 xx 000 0 cat d | ||
| 080 | |a FU-64-178 | ||
| 245 | |a Any del llibre i la lectura : |b programa d'activitats per als centres educatius | ||
| 260 | |a Barcelona : |b Institut de Cultura de Barcelona, |c 2005 | ||
| 300 | |a 32 p. ; |c 21 cm | ||
| 590 | |a A la coberta: Més llibres, més lliures. | ||
| 590 | |a En la contracoberta: Generalitat de Catalunya, Ministerio de Cultura, Diputació de Barcelona i Ajuntament de Barcelona | ||
| 650 | |a Any del Llibre i la lectura (2005 : Barcelona) |9 49409 | ||
| 650 | |a Llibres i lectura |x Barcelona |x 2005 |9 49410 | ||
| 700 | |a Espanya. Ministerio de Cultura |9 37983 | ||
| 710 | 1 | |a Catalunya. |b Generalitat |9 12125 | |
| 710 | 1 | |a Barcelona (Catalunya). |b Ajuntament |9 50981 | |
| 901 | |a Arxiu | ||
| 942 | |n 1 | ||
| 952 | |0 0 |1 0 |4 0 |6 FU64178 |7 1 |9 55308 |a Arxiu |b Arxiu |d 2016-12-01 |l 0 |o FU-64-178 |p 24383 |r 2016-12-01 00:00:00 |w 2016-12-01 |y ARXIU | ||
| 999 | |c 59181 |d 59181 | ||